[Event "2. Bundesliga Ost 2010/2011"]
[Site "2+3.10.Zwettl,30.10-1.11.Wien,27+28.11.Wien,29+30.
[Date "2010.10.03"]
[Round "2"]
[Board "2"]
[White "Wukits, Rene"]
[Black "Fodor, Tamas"]
[Result "0-1"]
[WhiteElo "2307"]
[BlackElo "2451"]
[PlyCount "64"]
[EventDate "2010.10.02"]
[EventType "team"]
[EventRounds "11"]
[EventCountry "AUT"]
[WhiteTeam "SV Tschaturanga Neubau"]
[BlackTeam "ASVOE SK Mattersburg"]

1.d4 d5 2.Nf3 Nf6 3.c4 e6 4.Nc3 Be7 5.Bg5 O-O 6.e3 Nbd7 7.Rc1 a6 8.c5 Ne4 9.Bf4
Nxc3 10.Rxc3 c6 11.Bd3 Re8 12.O-O Bf6 13.Ne5 g6 14.Nxd7 Bxd7 15.Be5 Bxe5 16.dxe5
f6 17.Qg4 fxe5 18.Bxg6 Re7 19.Bc2+ Rg7 20.Qh5 Qf6 21.e4 Be8 22.Qe2 Bg6 23.Re1
Re8 24.Re3 Kh8 25.Rg3 Qf4 26.Rg4 Qf8 27.Qe3 d4 28.Qa3 Rf7 29.Rf1 Bh5 30.Rg5 Be2
31.Qg3 Qxc5 32.Rc1 Ref8 0-1

[Event "2. Bundesliga Ost 2010/2011"]
[Site "2+3.10.Zwettl,30.10-1.11.Wien,27+28.11.Wien,29+30.
[Date "2010.10.03"]
[Round "2"]
[Board "3"]
[White "Brod, Manfred"]
[Black "Kreindl, Helmut"]
[Result "1/2-1/2"]
[WhiteElo "2183"]
[BlackElo "2179"]
[PlyCount "63"]
[EventDate "2010.10.02"]
[EventType "team"]
[EventRounds "11"]
[EventCountry "AUT"]
[WhiteTeam "ASVOE SK Mattersburg"]
[BlackTeam "SV Tschaturanga Neubau"]

1.e4 d5 2.exd5 Qxd5 3.Nc3 Qd6 4.d4 Nf6 5.Nf3 c6 6.g3 Bg4 7.Bg2 e6 8.O-O Nbd7
9.Bf4 Qb4 10.Qd2 Bxf3 11.Bxf3 Bd6 12.Be3 Qa5 13.Ne4 Bb4 14.c3 Nxe4 15.Bxe4 Bd6
16.b4 Qh5 17.Bf4 Bxf4 18.Qxf4 O-O 19.Bf3 Qb5 20.a4 Qc4 21.Qe3 Nf6 22.Be2 Qd5
23.Bf3 Qc4 24.Be2 Qd5 25.c4 Qd6 26.b5 Rfd8 27.Rfd1 Rd7 28.f4 Rad8 29.Rd3 Qb4
30.Rb3 Qa5 31.bxc6 bxc6 32.Qe5 1/2-1/2

[Event "2. Bundesliga Ost 2010/2011"]
[Site "2+3.10.Zwettl,30.10-1.11.Wien,27+28.11.Wien,29+30.
[Date "2010.10.03"]
[Round "2"]
[Board "4"]
[White "Kleiser, Gregor"]
[Black "Riedner, Martin"]
[Result "1-0"]
[WhiteElo "2258"]
[BlackElo "2146"]
[PlyCount "83"]
[EventDate "2010.10.02"]
[EventType "team"]
[EventRounds "11"]
[EventCountry "AUT"]
[WhiteTeam "SV Tschaturanga Neubau"]
[BlackTeam "ASVOE SK Mattersburg"]

1.d4 c5 2.d5 e5 3.c4 d6 4.Nc3 Be7 5.e4 Nf6 6.Be2 O-O 7.Nf3 Bg4 8.O-O Nbd7 9.Ne1
Bxe2 10.Qxe2 a6 11.a3 Rb8 12.b4 b5 13.cxb5 axb5 14.f3 Qc7 15.Nxb5 Qb6 16.a4
cxb4+ 17.Be3 Nc5 18.Nd3 Qa5 19.Bxc5 dxc5 20.Nxe5 Qa6 21.Nc6 Rb7 22.Qc4 Nh5
23.Nxe7+ Rxe7 24.Qxc5 Rb7 25.Qxb4 Nf4 26.Ra2 Qg6 27.Qd6 Qg5 28.g3 Nh5 29.Rc2
Qe3+ 30.Kg2 h6 31.Rff2 Ra8 32.Qc6 Rbb8 33.Nd6 Ra7 34.Nc8 Rab7 35.a5 Qg5 36.Qd6
Rb1 37.f4 Qg4 38.Ne7+ Kh7 39.Qe5 Qd1 40.Qf5+ g6 41.Qxf7+ Ng7 42.Qxg6+ 1-0

[Event "2. Bundesliga Ost 2010/2011"]
[Site "2+3.10.Zwettl,30.10-1.11.Wien,27+28.11.Wien,29+30.
[Date "2010.10.03"]
[Round "2"]
[Board "5"]
[White "Salamon, Werner"]
[Black "Ponjican, Erich"]
[Result "1/2-1/2"]
[WhiteElo "2152"]
[BlackElo "2206"]
[PlyCount "109"]
[EventDate "2010.10.02"]
[EventType "team"]
[EventRounds "11"]
[EventCountry "AUT"]
[WhiteTeam "ASVOE SK Mattersburg"]
[BlackTeam "SV Tschaturanga Neubau"]

1.e4 Nf6 2.Nc3 d5 3.exd5 Nxd5 4.Bc4 Nb6 5.Bb3 Nc6 6.Nf3 Bf5 7.O-O e6 8.Re1 Be7
9.Ne4 O-O 10.Ng3 Bg6 11.d4 a5 12.c3 a4 13.Bc2 Bxc2 14.Qxc2 Ra5 15.Bf4 Nd5 16.Bd2
Ra6 17.b4 axb3 18.axb3 Qa8 19.Qb2 Ba3 20.Qc2 Be7 21.Qb2 Qa7 22.Rxa6 Qxa6 23.c4
Ndb4 24.Bxb4 Bxb4 25.Ra1 Qb6 26.Nh5 Ne7 27.Ne5 Qd6 28.Nd3 f6 29.Ng3 Rd8 30.h3
Nc6 31.Ne2 b6 32.Ra4 Qf8 33.Nef4 Kf7 34.Qe2 Qe7 35.Qe4 Qd6 36.Qxh7 Bd2 37.Qg6+
Kg8 38.c5 bxc5 39.dxc5 Qe7 40.Re4 e5 41.Re2 Bxf4 42.Nxf4 Nd4 43.Re3 Rb8 44.Nd5
Qd8 45.Qe4 Rb5 46.Ne7+ Qxe7 47.Qxd4 Rxc5 48.Qe4 Rc1+ 49.Kh2 Qd6 50.Rd3 Qe7
51.Qd5+ Kh7 52.Qe4+ g6 53.Qb7 e4 54.Rd2 Qe5+ 55.g3 1/2-1/2

[Event "2. Bundesliga Ost 2010/2011"]
[Site "2+3.10.Zwettl,30.10-1.11.Wien,27+28.11.Wien,29+30.
[Date "2010.10.03"]
[Round "2"]
[Board "6"]
[White "Schwaninger, Wolfgang"]
[Black "Savio, Alfred Jun."]
[Result "1-0"]
[WhiteElo "2146"]
[BlackElo "2063"]
[PlyCount "139"]
[EventDate "2010.10.02"]
[EventType "team"]
[EventRounds "11"]
[EventCountry "AUT"]
[WhiteTeam "SV Tschaturanga Neubau"]
[BlackTeam "ASVOE SK Mattersburg"]

1.c4 Nf6 2.Nc3 e6 3.Nf3 d5 4.d4 c6 5.e3 Nbd7 6.a3 Bd6 7.b4 O-O 8.Bb2 e5 9.cxd5
exd4 10.Nxd4 cxd5 11.Qb3 Ne5 12.Rd1 Neg4 13.h3 Nxe3 14.fxe3 Re8 15.Kf2 Nh5
16.Nce2 Qh4+ 17.Kg1 Nf6 18.Nf3 Qh6 19.Bxf6 gxf6 20.Kf2 f5 21.Rxd5 Bc7 22.Ned4 f4
23.Rg5+ Kf8 24.e4 Rxe4 25.Qd5 Re7 26.Bc4 Bb6 27.Rd1 Be6 28.Qe5 f6 29.Bxe6 Qxg5
30.Qxg5 fxg5 31.Bg4 h6 32.Kf1 Re3 33.a4 a5 34.Nf5 Re4 35.Rd6 Rxb4 36.Rf6+ Kg8
37.Rg6+ Kf8 38.Rf6+ Kg8 39.Bh5 Rb1+ 40.Ke2 Rb2+ 41.Kd3 Rd8+ 42.Kc3 Rb4 43.Nxh6+
Kg7 44.Rg6+ Kf8 45.Rg8+ Ke7 46.Rg7+ Kd6 47.Nf7+ Kc5 48.Nxd8 Bxd8 49.Rg6 Rxa4
50.Nxg5 Ra3+ 51.Kb2 Rd3 52.Ne6+ Kb4 53.Nxd8 Rxd8 54.Bf3 b5 55.Rf6 Rd2+ 56.Kc1
Rd4 57.h4 a4 58.h5 a3 59.Ra6 Kb3 60.Bd1+ Ka2 61.Rc6 b4 62.Rc2+ Ka1 63.Rf2 Rxd1+
64.Kxd1 b3 65.Rf3 Ka2 66.Rf1 Kb2 67.Kd2 a2 68.h6 a1=Q 69.Rxa1 Kxa1 70.h7 1-0

[Event "2. Bundesliga Ost 2010/2011"]
[Site "2+3.10.Zwettl,30.10-1.11.Wien,27+28.11.Wien,29+30.
[Date "2010.10.03"]
[Round "2"]
[Board "1"]
[White "Zilka, Stepan"]
[Black "Schweda, Roland"]
[Result "1/2-1/2"]
[WhiteElo "2479"]
[BlackElo "2457"]
[PlyCount "70"]
[EventDate "2010.10.02"]
[EventType "team"]
[EventRounds "11"]
[EventCountry "AUT"]
[WhiteTeam "Blackburne Nickelsdorf"]
[BlackTeam "ASVOE Wulkaprodersdorf"]

1.d4 Nf6 2.c4 d6 3.Nf3 Nbd7 4.Nc3 e5 5.e4 Be7 6.Be2 O-O 7.O-O c6 8.Qc2 a6 9.Rd1
Qc7 10.h3 Re8 11.Be3 Bf8 12.d5 c5 13.Rab1 g6 14.Nd2 Bg7 15.b4 Rf8 16.Qb2 b6
17.bxc5 bxc5 18.Qa3 Ne8 19.Nb3 f5 20.Na5 Qd8 21.Nc6 Qh4 22.f3 Bh6 23.Bxh6 Qxh6
24.Ne7+ Kh8 25.Qc1 Qh4 26.Nxc8 Rxc8 27.Bd3 Rc7 28.Qc2 Qg5 29.Qd2 Qh4 30.Rb3 Ndf6
31.Rb8 Nh5 32.Bc2 Rcf7 33.Rdb1 Nf4 34.Ne2 Nxe2+ 35.Qxe2 fxe4 1/2-1/2

[Event "2. Bundesliga Ost 2010/2011"]
[Site "2+3.10.Zwettl,30.10-1.11.Wien,27+28.11.Wien,29+30.
[Date "2010.10.03"]
[Round "2"]
[Board "2"]
[White "Volkmann, Friedrich Karl"]
[Black "Pinter, Erik"]
[Result "1-0"]
[WhiteElo "2409"]
[BlackElo "2379"]
[PlyCount "181"]
[EventDate "2010.10.02"]
[EventType "team"]
[EventRounds "11"]
[EventCountry "AUT"]
[WhiteTeam "ASVOE Wulkaprodersdorf"]
[BlackTeam "Blackburne Nickelsdorf"]

1.e4 c5 2.Nf3 d6 3.d4 cxd4 4.Nxd4 Nf6 5.Nc3 g6 6.Be3 Bg7 7.f3 a6 8.Qd2 Nbd7
9.Bh6 Bxh6 10.Qxh6 b5 11.O-O-O Bb7 12.Kb1 b4 13.Nd5 Nxd5 14.exd5 Bxd5 15.Qg7 Rf8
16.Qxh7 e5 17.Nb3 Qb6 18.Qh4 Be6 19.Bc4 Bxc4 20.Qxc4 Ke7 21.Nd2 Nf6 22.Rhe1 Rfc8
23.Qd3 Qb5 24.Qxb5 axb5 25.f4 Nd7 26.Re4 Rc5 27.Rxb4 Rd5 28.a3 Rc8 29.c3 Rh8
30.h3 f5 31.Kc2 e4 32.Nf1 Nf6 33.Ne3 Rxd1 34.Kxd1 Rh4 35.Rxb5 Rxf4 36.a4 Rh4
37.a5 f4 38.Nc4 f3 39.Ke1 Nh5 40.gxf3 exf3 41.Ne3 Nf6 42.Nd5+ Nxd5 43.Rxd5 Rxh3
44.b4 f2+ 45.Kxf2 Rxc3 46.a6 Kd7 47.Rb5 Rc7 48.Rb6 Rc6 49.Rb7+ Rc7 50.a7 Rxb7
51.a8=Q Rxb4 52.Qg8 Rf4+ 53.Kg3 Rf5 54.Qxg6 Re5 55.Kf4 Kc7 56.Qf7+ Kc6 57.Qa7
Rc5 58.Qe7 Re5 59.Qd8 Kd5 60.Qc8 Re7 61.Kf5 Rf7+ 62.Kg5 Re7 63.Kf6 Re5 64.Qb7+
Kc5 65.Qc7+ Kd5 66.Qc8 Re4 67.Qb7+ Kd4 68.Qc6 d5 69.Qb6+ Kc4 70.Qc7+ Kd3 71.Kf5
d4 72.Qb7 Re2 73.Kf4 Kd2 74.Qb4+ Kd3 75.Qb5+ Kd2 76.Qc4 d3 77.Qb3 Re1 78.Qb2+
Kd1 79.Kf3 Re2 80.Qc3 Rd2 81.Qc4 Rc2 82.Qxd3+ Kc1 83.Ke3 Kb2 84.Qd4+ Kb1 85.Kd3
Rb2 86.Kc3 Ka2 87.Qd1 Rb8 88.Qe2+ Ka1 89.Qf1+ Ka2 90.Qf2+ Kb1 91.Qg1+ 1-0

[Event "2. Bundesliga Ost 2010/2011"]
[Site "2+3.10.Zwettl,30.10-1.11.Wien,27+28.11.Wien,29+30.
[Date "2010.10.03"]
[Round "2"]
[Board "3"]
[White "Vlcek, Stanislav"]
[Black "Sandhu, Mario"]
[Result "1-0"]
[WhiteElo "2257"]
[BlackElo "2330"]
[PlyCount "123"]
[EventDate "2010.10.02"]
[EventType "team"]
[EventRounds "11"]
[EventCountry "AUT"]
[WhiteTeam "Blackburne Nickelsdorf"]
[BlackTeam "ASVOE Wulkaprodersdorf"]

1.e4 c6 2.d4 d5 3.exd5 cxd5 4.c4 Nf6 5.Nc3 e6 6.Nf3 Nc6 7.Bd3 Be7 8.O-O dxc4
9.Bxc4 O-O 10.Bg5 a6 11.Rc1 Qd6 12.Qd2 Rd8 13.Rfd1 b5 14.Bf4 Qb4 15.Bd3 Bb7
16.Bc7 Nxd4 17.Nxd4 Rxd4 18.Bxh7+ Kxh7 19.Qxd4 Qxb2 20.Qb6 Bd5 21.Nxd5 Nxd5
22.Qb7 Rf8 23.Bb6 Bg5 24.Rb1 Qc2 25.Bd4 Nf4 26.Be5 Ne2+ 27.Kh1 Rd8 28.Re1 f6
29.Qc7 Rd2 30.Qxc2+ Rxc2 31.Rb2 Rxb2 32.Bxb2 Nf4 33.Bd4 e5 34.Ba7 Nd5 35.Re2 Kg6
36.g3 Kf5 37.f3 Bc1 38.Kg2 a5 39.Kf2 Ba3 40.Rc2 Nb4 41.Rc3 Bb2 42.Rb3 Bc1 43.a3
Nc6 44.Rc3 Nxa7 45.Rxc1 b4 46.a4 b3 47.Ke3 Ke6 48.Rb1 Nc6 49.Rxb3 Nb4 50.Rb1 Kd6
51.Rd1+ Nd5+ 52.Ke4 Ke6 53.Rc1 f5+ 54.Kd3 Nb4+ 55.Kc4 g5 56.h4 gxh4 57.gxh4 Nc6
58.Rd1 e4 59.f4 Nb4 60.h5 Kf6 61.Rg1 e3 62.Re1 1-0

[Event "2. Bundesliga Ost 2010/2011"]
[Site "2+3.10.Zwettl,30.10-1.11.Wien,27+28.11.Wien,29+30.
[Date "2010.10.03"]
[Round "2"]
[Board "4"]
[White "Sekyra, Michael"]
[Black "Bachofner, Andreas"]
[Result "1-0"]
[WhiteElo "2111"]
[BlackElo "2243"]
[PlyCount "91"]
[EventDate "2010.10.02"]
[EventType "team"]
[EventRounds "11"]
[EventCountry "AUT"]
[WhiteTeam "ASVOE Wulkaprodersdorf"]
[BlackTeam "Blackburne Nickelsdorf"]

1.e4 e6 2.d4 d5 3.Nd2 Nf6 4.e5 Nfd7 5.Bd3 c5 6.c3 Nc6 7.Ne2 cxd4 8.cxd4 f6 9.Nf4
Nxd4 10.Qh5+ Ke7 11.Ng6+ hxg6 12.exf6+ Nxf6 13.Qxh8 Kf7 14.Qh4 e5 15.Nf3 Nxf3+
16.gxf3 Bf5 17.Bxf5 gxf5 18.Bg5 Qa5+ 19.Kf1 Rc8 20.Bxf6 Qa6+ 21.Kg2 Qxf6 22.Qa4
Qg5+ 23.Kf1 Kg8 24.Rg1 Rc1+ 25.Rxc1 Qxc1+ 26.Kg2 Qc6 27.Qb3 Kh7 28.Rd1 d4 29.Qf7
Qg6+ 30.Qxg6+ Kxg6 31.f4 Kf6 32.fxe5+ Kxe5 33.Kf3 g5 34.Re1+ Kd5 35.h3 Bd6
36.Re8 a5 37.Rg8 Be7 38.Rb8 Kc6 39.Ke2 g4 40.hxg4 fxg4 41.Rg8 Kd5 42.Rxg4 b6
43.Kd3 Bf6 44.Rg6 Ke5 45.Rxf6 Kxf6 46.Kxd4 1-0

[Event "2. Bundesliga Ost 2010/2011"]
[Site "2+3.10.Zwettl,30.10-1.11.Wien,27+28.11.Wien,29+30.
[Date "2010.10.03"]
[Round "2"]
[Board "5"]
[White "Steinert, Martin"]
[Black "Steinwender, Peter"]
[Result "1-0"]
[WhiteElo "2081"]
[BlackElo "2094"]
[PlyCount "79"]
[EventDate "2010.10.02"]
[EventType "team"]
[EventRounds "11"]
[EventCountry "AUT"]
[WhiteTeam "Blackburne Nickelsdorf"]
[BlackTeam "ASVOE Wulkaprodersdorf"]

1.d4 d5 2.c4 c6 3.Nc3 e6 4.Nf3 Nf6 5.cxd5 exd5 6.Qc2 Be7 7.Bg5 O-O 8.e3 Nbd7
9.Bd3 Re8 10.h4 Nf8 11.O-O-O Bg4 12.Kb1 Bd6 13.Rde1 Bh5 14.Rhg1 Bg6 15.g4 Bxd3
16.Qxd3 h6 17.Bf4 Bxf4 18.exf4 Rxe1+ 19.Nxe1 Qd6 20.g5 N6d7 21.f5 Qf4 22.Nf3
hxg5 23.hxg5 Re8 24.Rh1 g6 25.fxg6 fxg6 26.Nh4 Qxg5 27.f4 Qh5 28.Qf1 Re7 29.f5
Rh7 30.fxg6 Nxg6 31.Rg1 Qxh4 32.Rxg6+ Rg7 33.Re6 Qxd4 34.Re8+ Kh7 35.Qf5+ Rg6
36.Qxd7+ Kh6 37.Qh3+ Kg5 38.Re3 Rg7 39.Rf3 Re7 40.Qg2+ 1-0

[Event "2. Bundesliga Ost 2010/2011"]
[Site "2+3.10.Zwettl,30.10-1.11.Wien,27+28.11.Wien,29+30.
[Date "2010.10.03"]
[Round "2"]
[Board "6"]
[White "Rampler, Evelyn"]
[Black "Bachofner, Christian"]
[Result "1/2-1/2"]
[WhiteElo "1842"]
[BlackElo "2076"]
[PlyCount "55"]
[EventDate "2010.10.02"]
[EventType "team"]
[EventRounds "11"]
[EventCountry "AUT"]
[WhiteTeam "ASVOE Wulkaprodersdorf"]
[BlackTeam "Blackburne Nickelsdorf"]

1.e4 c5 2.Nc3 d6 3.g3 Nc6 4.Bg2 g6 5.d3 Bg7 6.Be3 e6 7.Qd2 Rb8 8.Nge2 Nd4 9.Nd1
Ne7 10.Nc1 O-O 11.c3 Ndc6 12.d4 b6 13.O-O Ba6 14.Re1 Qc7 15.Ne2 Na5 16.b3 Rfd8
17.Nf4 Bb7 18.d5 e5 19.Nh3 Bc8 20.Rc1 Rf8 21.f4 f5 22.fxe5 Bxe5 23.Bh6 Re8
24.Ndf2 Nb7 25.Nd3 Bg7 26.Bxg7 Kxg7 27.e5 dxe5 28.Nxe5 1/2-1/2

[Event "2. Bundesliga Ost 2010/2011"]
[Site "2+3.10.Zwettl,30.10-1.11.Wien,27+28.11.Wien,29+30.
[Date "2010.10.03"]
[Round "2"]
[Board "1"]
[White "Videki, Sandor"]
[Black "Michalik, Peter"]
[Result "0-1"]
[WhiteElo "2441"]
[BlackElo "2455"]
[PlyCount "78"]
[EventDate "2010.10.02"]
[EventType "team"]
[EventRounds "11"]
[EventCountry "AUT"]
[WhiteTeam "Spg Data Technology Eichgraben/P."]
[BlackTeam "1. Wr. Neustaedter SV"]

1.e4 d6 2.d4 Nf6 3.Nc3 e5 4.Nf3 Nbd7 5.Bc4 Be7 6.O-O O-O 7.Re1 h6 8.h3 Re8 9.Be3
c6 10.a4 Bf8 11.d5 Nb6 12.Bb3 cxd5 13.Bxb6 Qxb6 14.a5 Qb4 15.Ra4 Qc5 16.Nxd5
Nxd5 17.Bxd5 Bd7 18.Ra3 Bc6 19.Ba2 Rad8 20.Nh4 d5 21.exd5 e4 22.c4 Bd7 23.g4 Qc7
24.Rae3 Bc5 25.Qd2 Bxe3 26.Rxe3 h5 27.b4 Qe5 28.Rg3 hxg4 29.hxg4 b5 30.Ng2 bxc4
31.Bxc4 Rb8 32.Ne3 Qd6 33.b5 Bxb5 34.Nf5 Qe5 35.Bxb5 Rxb5 36.d6 Rb1+ 37.Kg2 Qa1
38.Rh3 Rg1+ 39.Kh2 Qf1 0-1

[Event "2. Bundesliga Ost 2010/2011"]
[Site "2+3.10.Zwettl,30.10-1.11.Wien,27+28.11.Wien,29+30.
[Date "2010.10.03"]
[Round "2"]
[Board "2"]
[White "Schroll, Gerhard"]
[Black "Ganaus, Hannes"]
[Result "1-0"]
[WhiteElo "2449"]
[BlackElo "2310"]
[PlyCount "83"]
[EventDate "2010.10.02"]
[EventType "team"]
[EventRounds "11"]
[EventCountry "AUT"]
[WhiteTeam "1. Wr. Neustaedter SV"]
[BlackTeam "Spg Data Technology Eichgraben/P."]

1.b3 d5 2.Bb2 Nf6 3.e3 g6 4.c4 Bg7 5.cxd5 O-O 6.Nf3 Qxd5 7.Qc1 Nc6 8.Nc3 Qd8
9.a3 Bf5 10.b4 Bd3 11.Bxd3 Qxd3 12.Qb1 Qc4 13.d3 Qg4 14.O-O a6 15.Qc2 Qh5
16.Rac1 g5 17.Ne2 Qg6 18.d4 Qxc2 19.Rxc2 Ne4 20.d5 Bxb2 21.dxc6 g4 22.cxb7 Rab8
23.Rxb2 gxf3 24.gxf3 Nd6 25.Rc2 Rxb7 26.Rfc1 Rc8 27.Nd4 Kf8 28.Rc6 Ra7 29.R6c5
Rb7 30.Nc6 Nb5 31.Na5 Rb6 32.Nc4 Rg6+ 33.Kf1 Rb8 34.Ne5 Rd6 35.a4 Na3 36.R5c3
Rxb4 37.Rxa3 Rh4 38.Ke2 Rxh2 39.Rxc7 h5 40.Rb3 Re6 41.Nd7+ Kg7 42.Nc5 1-0

[Event "2. Bundesliga Ost 2010/2011"]
[Site "2+3.10.Zwettl,30.10-1.11.Wien,27+28.11.Wien,29+30.
[Date "2010.10.03"]
[Round "2"]
[Board "3"]
[White "Neumeier, Klaus"]
[Black "Mazur, Stefan"]
[Result "0-1"]
[WhiteElo "2374"]
[BlackElo "2402"]
[PlyCount "84"]
[EventDate "2010.10.02"]
[EventType "team"]
[EventRounds "11"]
[EventCountry "AUT"]
[WhiteTeam "Spg Data Technology Eichgraben/P."]
[BlackTeam "1. Wr. Neustaedter SV"]

1.e4 e5 2.Nf3 Nc6 3.Bb5 a6 4.Ba4 Nf6 5.O-O Be7 6.Re1 b5 7.Bb3 d6 8.c3 O-O 9.h3
Na5 10.Bc2 c5 11.d4 Qc7 12.Nbd2 cxd4 13.cxd4 Nc6 14.Nb3 a5 15.Be3 a4 16.Nbd2 Bd7
17.Rc1 Qb7 18.Qe2 Rfe8 19.Bd3 exd4 20.Nxd4 Nb4 21.Bb1 a3 22.b3 Bd8 23.Bf4 Qb6
24.N2f3 Nfd5 25.Bg3 Nf6 26.Qd2 Na6 27.e5 dxe5 28.Nxe5 Ra7 29.Ndc6 Bxc6 30.Nxc6
Rxe1+ 31.Rxe1 Ra8 32.Qc2 Bc7 33.Ne7+ Kf8 34.Bh4 Qc5 35.Qd3 Qb4 36.f4 Re8 37.Re5
Bxe5 38.fxe5 Qxh4 39.exf6 Qxf6 40.Nd5 Re1+ 41.Kh2 Qe5+ 42.g3 Qe2+ 0-1

[Event "2. Bundesliga Ost 2010/2011"]
[Site "2+3.10.Zwettl,30.10-1.11.Wien,27+28.11.Wien,29+30.
[Date "2010.10.03"]
[Round "2"]
[Board "4"]
[White "Steiner, Adam"]
[Black "Weissenbeck, Manuel"]
[Result "1-0"]
[WhiteElo "2232"]
[BlackElo "2316"]
[PlyCount "59"]
[EventDate "2010.10.02"]
[EventType "team"]
[EventRounds "11"]
[EventCountry "AUT"]
[WhiteTeam "1. Wr. Neustaedter SV"]
[BlackTeam "Spg Data Technology Eichgraben/P."]

1.e4 c5 2.Nf3 d6 3.d4 cxd4 4.Nxd4 Nf6 5.Nc3 a6 6.Bg5 e6 7.f4 Be7 8.Qf3 Qc7
9.O-O-O Nbd7 10.Bd3 b5 11.Rhe1 Bb7 12.Qg3 b4 13.Nd5 Nxd5 14.exd5 Bxd5 15.Bxe7
Kxe7 16.Nxe6 Bxe6 17.f5 Ne5 18.fxe6 g6 19.exf7 Kxf7 20.h4 Rac8 21.h5 Rhe8
22.hxg6+ hxg6 23.Rxe5 Rxe5 24.Qxg6+ Ke7 25.Rh1 Kd7 26.Rh7+ Re7 27.Qf5+ Kd8
28.Qf8+ Re8 29.Qf6+ Re7 30.Rh8+ 1-0

[Event "2. Bundesliga Ost 2010/2011"]
[Site "2+3.10.Zwettl,30.10-1.11.Wien,27+28.11.Wien,29+30.
[Date "2010.10.03"]
[Round "2"]
[Board "5"]
[White "Pichler, Michael"]
[Black "Todor, Razvan"]
[Result "0-1"]
[WhiteElo "2253"]
[BlackElo "2221"]
[PlyCount "80"]
[EventDate "2010.10.02"]
[EventType "team"]
[EventRounds "11"]
[EventCountry "AUT"]
[WhiteTeam "Spg Data Technology Eichgraben/P."]
[BlackTeam "1. Wr. Neustaedter SV"]

1.e4 e5 2.Nf3 Nf6 3.d4 Nxe4 4.dxe5 d5 5.Nbd2 Nc6 6.Bd3 Nc5 7.Nb3 Nxd3+ 8.cxd3
Bg4 9.O-O Be7 10.Bf4 O-O 11.h3 Bh5 12.Qe2 Qd7 13.g4 Bg6 14.Kh2 Nb4 15.Rfd1 Rae8
16.a3 Nc6 17.Re1 h5 18.g5 Qf5 19.Qe3 Qxd3 20.Rad1 Qxe3 21.Rxe3 Rd8 22.Rc3 Be4
23.Kg3 Rd7 24.Nfd4 Nxd4 25.Nxd4 c5 26.Nb5 d4 27.Rcc1 b6 28.Nd6 Bg6 29.b4 cxb4
30.Rxd4 b3 31.Rb4 Bc2 32.Rb5 f6 33.gxf6 gxf6 34.Nc4 Rd3+ 35.f3 Rc3 36.exf6 Rxf6
37.Ne3 Rg6+ 38.Kh2 Bxa3 39.Rxb3 Rxb3 40.Rxc2 Rb2 0-1

[Event "2. Bundesliga Ost 2010/2011"]
[Site "2+3.10.Zwettl,30.10-1.11.Wien,27+28.11.Wien,29+30.
[Date "2010.10.03"]
[Round "2"]
[Board "6"]
[White "Wiedner, Robert"]
[Black "Mayr, Thomas"]
[Result "1/2-1/2"]
[WhiteElo "2189"]
[BlackElo "2122"]
[PlyCount "128"]
[EventDate "2010.10.02"]
[EventType "team"]
[EventRounds "11"]
[EventCountry "AUT"]
[WhiteTeam "1. Wr. Neustaedter SV"]
[BlackTeam "Spg Data Technology Eichgraben/P."]

1.Nf3 Nf6 2.c4 c5 3.g3 g6 4.Bg2 Bg7 5.Nc3 Nc6 6.d4 cxd4 7.Nxd4 O-O 8.O-O Nxd4
9.Qxd4 d6 10.Qd2 Rb8 11.b3 a6 12.Rd1 Be6 13.Bb2 b5 14.Nd5 bxc4 15.Nb4 Qd7
16.Nxa6 Rb6 17.Nb4 Rfb8 18.a3 cxb3 19.Bd4 Ne8 20.Bxg7 Kxg7 21.Bd5 Nf6 22.Qb2 Kg8
23.Bxb3 Bxb3 24.Qxb3 Qh3 25.Qf3 Ng4 26.Qg2 Qxg2+ 27.Kxg2 Ra8 28.Nd5 Rb7 29.h3
Ne5 30.Rd4 e6 31.Rb4 Rba7 32.Nb6 Rxa3 33.Nxa8 Rxa1 34.Rb8+ Kg7 35.Nc7 Kh6 36.Ne8
Ra7 37.Rb4 g5 38.Nxd6 Rd7 39.Rd4 Kg6 40.f4 Nc6 41.Rd3 Nb4 42.Rd2 gxf4 43.gxf4
Nd5 44.f5+ Kf6 45.Nc4 Ne3+ 46.Kf2 Rxd2 47.Nxd2 Nxf5 48.Nc4 Kg5 49.Ne5 f6 50.Nd7
e5 51.Kf3 h5 52.e3 Nd6 53.e4 Nb5 54.h4+ Kg6 55.Nb6 f5 56.Nd7 Nd4+ 57.Ke3 f4+
58.Kf2 Nc6 59.Kf3 Nd4+ 60.Kf2 Nc6 61.Kf3 Nd4+ 62.Kf2 Nc6 63.Kf3 Kf7 64.Nxe5+
Nxe5+ 1/2-1/2

[Event "2. Bundesliga Ost 2010/2011"]
[Site "2+3.10.Zwettl,30.10-1.11.Wien,27+28.11.Wien,29+30.
[Date "2010.10.03"]
[Round "2"]
[Board "1"]
[White "Poetz, Florian"]
[Black "Maslik, Miroslav"]
[Result "1-0"]
[WhiteElo "2350"]
[BlackElo "2402"]
[PlyCount "63"]
[EventDate "2010.10.02"]
[EventType "team"]
[EventRounds "11"]
[EventCountry "AUT"]
[WhiteTeam "Niederabsdorf"]
[BlackTeam "ASVOE Pamhagen"]

1.e4 c5 2.Nf3 d6 3.d4 cxd4 4.Nxd4 Nf6 5.Nc3 a6 6.Be3 e5 7.Nb3 Be6 8.f3 Be7 9.Qd2
O-O 10.O-O-O Nbd7 11.g4 b5 12.g5 b4 13.Ne2 Ne8 14.Ng3 a5 15.Kb1 a4 16.Nc1 Nc7
17.f4 exf4 18.Bxf4 Ne5 19.Qxb4 Qb8 20.Qxb8 Rfxb8 21.Nf5 Bxf5 22.exf5 Nb5 23.Bxb5
Rxb5 24.b3 Nf3 25.f6 gxf6 26.gxf6 Bxf6 27.Rhf1 Ng5 28.c4 Rba5 29.Bd2 axb3
30.Bxa5 Ne4 31.Nxb3 Nc3+ 32.Bxc3 1-0

[Event "2. Bundesliga Ost 2010/2011"]
[Site "2+3.10.Zwettl,30.10-1.11.Wien,27+28.11.Wien,29+30.
[Date "2010.10.03"]
[Round "2"]
[Board "2"]
[White "Cvek, Robert"]
[Black "Schwarhofer, Christopher"]
[Result "1-0"]
[WhiteElo "2494"]
[BlackElo "2222"]
[PlyCount "83"]
[EventDate "2010.10.02"]
[EventType "team"]
[EventRounds "11"]
[EventCountry "AUT"]
[WhiteTeam "ASVOE Pamhagen"]
[BlackTeam "Niederabsdorf"]

1.c4 Nf6 2.Nc3 g6 3.g3 Bg7 4.Bg2 O-O 5.d3 c6 6.e4 d6 7.Nge2 Nbd7 8.O-O e5 9.h3
Nc5 10.Be3 Ne6 11.f4 Bh6 12.Qd2 Nh5 13.Kh2 exf4 14.gxf4 f5 15.exf5 Rxf5 16.Be4
Rxf4 17.Nxf4 Nexf4 18.Bxf4 Nxf4 19.Rxf4 d5 20.Nxd5 cxd5 21.Bxd5+ Kh8 22.Raf1 Qd6
23.Kg2 Bxf4 24.Qxf4 Qxf4 25.Rxf4 Bf5 26.Be4 Bxe4+ 27.Rxe4 Rd8 28.d4 Kg7 29.Kf3
Rd7 30.Ke3 g5 31.d5 Kf6 32.Re6+ Kf5 33.Rh6 b6 34.Kd4 Re7 35.b4 Re4+ 36.Kd3 b5
37.c5 Rxb4 38.c6 Rc4 39.Rxh7 Ke5 40.Rd7 a5 41.c7 a4 42.d6 1-0

[Event "2. Bundesliga Ost 2010/2011"]
[Site "2+3.10.Zwettl,30.10-1.11.Wien,27+28.11.Wien,29+30.
[Date "2010.10.03"]
[Round "2"]
[Board "3"]
[White "Schreiner, Peter"]
[Black "Lipka, Juraj"]
[Result "1/2-1/2"]
[WhiteElo "2257"]
[BlackElo "2414"]
[PlyCount "90"]
[EventDate "2010.10.02"]
[EventType "team"]
[EventRounds "11"]
[EventCountry "AUT"]
[WhiteTeam "Niederabsdorf"]
[BlackTeam "ASVOE Pamhagen"]

1.Nf3 d5 2.c4 d4 3.e3 Nc6 4.b4 dxe3 5.fxe3 Nxb4 6.d4 c5 7.a3 Na6 8.d5 Nf6 9.Bd3
g6 10.e4 Bg7 11.e5 Ng4 12.Qe2 O-O 13.O-O f6 14.e6 f5 15.Bb2 Bxb2 16.Qxb2 Nc7
17.h3 Nf6 18.Ne5 b5 19.Nf7 Rxf7 20.exf7+ Kxf7 21.Nc3 Qd6 22.Nxb5 Nxb5 23.Qxb5
Ba6 24.Qb3 Qe5 25.Rad1 Qe3+ 26.Kh1 Ne4 27.Qb1 Ng3+ 28.Kh2 Nxf1+ 29.Rxf1 Qe5+
30.Kh1 Rb8 31.Qc1 Rb6 32.Re1 Qf6 33.Qh6 Kg8 34.Qf4 Qd6 35.Qg5 Qf6 36.Qf4 Qd6
37.Qg5 Qf6 38.Qf4 Rd6 39.Qe3 Kf7 40.Qxc5 Rb6 41.Qa5 Rb3 42.Bc2 Rb2 43.Bd3 Rb3
44.Bc2 Rb2 45.Bd3 Rb3 1/2-1/2

[Event "2. Bundesliga Ost 2010/2011"]
[Site "2+3.10.Zwettl,30.10-1.11.Wien,27+28.11.Wien,29+30.
[Date "2010.10.03"]
[Round "2"]
[Board "4"]
[White "Vitouch, Anatol"]
[Black "Wolfram, Bernd"]
[Result "0-1"]
[WhiteElo "2262"]
[BlackElo "2186"]
[PlyCount "62"]
[EventDate "2010.10.02"]
[EventType "team"]
[EventRounds "11"]
[EventCountry "AUT"]
[WhiteTeam "ASVOE Pamhagen"]
[BlackTeam "Niederabsdorf"]

1.Nf3 b6 2.g3 Bb7 3.Bg2 Nf6 4.c4 e6 5.b3 Be7 6.Bb2 O-O 7.O-O c5 8.e3 d5 9.Nc3
Nbd7 10.Qe2 a6 11.cxd5 exd5 12.d4 Ne4 13.dxc5 Nxc3 14.Bxc3 bxc5 15.Qb2 Bf6
16.Rac1 Rc8 17.Rfd1 Qe7 18.Bxf6 Nxf6 19.Qe5 Qd7 20.Qf4 Rfe8 21.Nh4 Rc6 22.Nf5
Bc8 23.e4 d4 24.b4 cxb4 25.Rxc6 Qxc6 26.Nxg7 Kxg7 27.Qg5+ Kh8 28.e5 Ne4 29.Qf4
Qc2 30.Rxd4 Qb1+ 31.Bf1 Bh3 0-1